Instituciones prácticas de los juicios civiles así ordinarios como extraordinarios en todos sus trámites según que se empiezan, continúan y acaban en los tribunales reales
Saved in:
| Hovedforfatter: | |
|---|---|
| Format: | Bog |
| Sprog: | spansk |
| Udgivet: |
Madrid
Compañía General de Impresores y Libreros del Reino
1845
|
| Udgivelse: | 3a. ed |
| Fag: | |
| Tags: |
Tilføj Tag
Ingen Tags, Vær først til at tagge denne postø!
|
MARC
| LEADER | 00000nam a2200000 a 4500 | ||
|---|---|---|---|
| 001 | UCR4652 | ||
| 003 | CL-VaPUC | ||
| 008 | 980313e18450000SP |||||||||||||||||spa|d | ||
| 082 | 0 | 4 | |a 347.077 |b CON |2 21 |
| 100 | 0 | |a Conde de la Cañada |e author |9 405096 | |
| 245 | 1 | 0 | |a Instituciones prácticas de los juicios civiles así ordinarios como extraordinarios en todos sus trámites según que se empiezan, continúan y acaban en los tribunales reales |
| 250 | |a 3a. ed | ||
| 300 | |a v | ||
| 942 | |c BK | ||
| 945 | |d 19980313 00:00:00 |a aolguin | ||
| 260 | |a Madrid |b Compañía General de Impresores y Libreros del Reino |c 1845 | ||
| 650 | 0 | |a Juicio civil |9 396013 | |
| 650 | 7 | |a PROCESAMIENTO CIVIL |2 CL-VaPUC |9 384959 | |
| 650 | 0 | |a Derecho español |9 255291 | |
| 650 | 0 | |a Sentencias |9 256250 | |
| 650 | 0 | |a Nulidad |9 256755 | |
| 650 | 0 | |a Apelación |9 296855 | |
| 650 | 7 | |a TRIBUNALES REALES |2 CL-VaPUC |9 405098 | |
| 651 | 0 | |a España |9 254926 | |
| 583 | |a last modification |c 20170808 01:17:06 |k Rodrigo Vera | ||
| 999 | |c 267552 |d 267550 | ||
| 952 | |0 0 |1 0 |4 0 |6 347_077000000000000_CON_1845 |7 0 |8 X |9 299945 |a BIBDER |b BIBDER |d 2019-11-20 |h v.1 |i 1961713 |o 347.077 CON 1845 |p 1961713 |r 2023-01-25 |w 2019-11-20 |y BK_X |k DER | ||